[Event "EYCC 2017"]
[Site "Mamaia"]
[Date "2017.09.14"]
[Round "9"]
[White "Zotova, Anastasia"]
[Black "Represa Perez, Mireya"]
[Result "0-1"]
[WhiteElo "2009"]
[BlackElo "2082"]
[Annotator "NA RC"]
[PlyCount "87"]
[EventDate "2017.??.??"]
[EventType "swiss"]
[EventCountry "ROU"]
[SourceTitle "playchess.com"]
[Source "ChessBase"]
[SourceQuality "1"]
[TimeControl "40/5400+30:1800+30"]

1. e4 {[%emt 0:00:00]} c5 {[%emt 0:00:05]} 2. Nf3 {[%emt 0:00:00]} d6 {[%emt 0:00:04]} 3. d4 {[%emt 0:00:00]} cxd4 {[%emt 0:00:06]} 4. Nxd4 {[%emt 0:00:00]} Nf6 {[%emt 0:00:07]} 5. Nc3 {[%emt 0:00:00]} a6 {[%emt 0:00:04]} 6. Be3 {[%emt 0:00:00]} e5 {[%emt 0:00:08]} 7. Nb3 {[%emt 0:00:04]} Be7 {[%emt 0:00:07]} 8. f3 {[%emt 0:00:05]} O-O {[%emt 0:00:12]} 9. Qd2 {[%emt 0:00:05]} Be6 {[%emt 0:00:07]} 10. O-O-O {[%emt 0:00:07]} Qc7 {[%emt 0:00:25]} 11. g4 {[%emt 0:00:07]} Rc8 {[%emt 0:00:06]} 12. g5 {[%emt 0:00:05]} Nh5 {[%emt 0:00:10]} 13. Kb1 {[%emt 0:01:05]} Nd7 {[%emt 0:03:11]} 14. f4 {[%emt 0:00:11]} Nxf4 {[%emt 0:06:02]} 15. Bxf4 {[%emt 0:00:06]} exf4 {[%emt 0:00:08]} 16. Qxf4 {[%emt 0:00:09]} Qd8 {[%emt 0:05:50]} 17. h4 {[%emt 0:01:11]} Rxc3 {[%emt 0:02:00]} 18. bxc3 {[%emt 0:00:07]} Rc8 {[%emt 0:00:15]} 19. Bh3 {[%emt 0:03:28]} Bxh3 {[%emt 0:10:36]} 20. Rxh3 {[%emt 0:00:06]} Ne5 {[%emt 0:04:13]} 21. Rd5 {[%emt 0:05:58]} Qb6 {[%emt 0:13:17]} 22. Rxe5 {[%emt 0:06:38]} dxe5 {[%emt 0:00:10]} 23. Qxe5 {[%emt 0:02:39]} Ba3 {[%emt 0:00:07]} 24. Rh1 {[%emt 0:03:22]} Qe3 {[%emt 0:07:14]} 25. Rd1 {[%emt 0:03:55]} g6 {[%emt 0:04:32]} 26. Qf6 {[%emt 0:17:57]} Qxc3 {[%emt 0:10:54]} 27. Qxc3 {[%emt 0:01:12]} Rxc3 {[%emt 0:00:08]} 28. Rd3 {[%emt 0:00:05]} Rc4 {[%emt 0:09:34]} 29. Na5 {[%emt 0:00:38]} Rb4+ {[%emt 0:00:34]} 30. Rb3 {[%emt 0:00:05]} Rxb3+ {[%emt 0:06:29]} 31. cxb3 {[%emt 0:00:58]} b6 {[%emt 0:01:07]} 32. Nc4 {[%emt 0:00:22]} Bc5 {[%emt 0:00:06]} 33. Ne5 {[%emt 0:00:38]} Kg7 {[%emt 0:04:41]} 34. Kc2 {[%emt 0:00:36]} f6 {[%emt 0:01:46]} 35. gxf6+ {[%emt 0:14:49]} Kxf6 {[%emt 0:00:06]} 36. Nf3 {[%emt 0:00:10]} h6 {[%emt 0:00:31]} 37. Kd3 {[%emt 0:00:39]} g5 {[%emt 0:01:06]} 38. hxg5+ {[%emt 0:03:10]} hxg5 {[%emt 0:00:07]} 39. Nxg5 {[%emt 0:01:13]} Kxg5 {[%emt 0:00:10]} 40. Kc4 {[%emt 0:00:00]} a5 {[%emt 0:00:57]} 41. Kd5 {[%emt 0:00:14]} Kf6 {[%emt 0:00:26]} 42. e5+ {[%emt 0:00:12]} Kf5 {[%emt 0:00:25]} 43. a4 {[%emt 0:00:26]} Kf4 {[%emt 0:01:13]} 44. Ke6 {[%emt 0:01:10] Kxe5+} 0-1

[Event "EYCC 2017"]
[Site "Mamaia"]
[Date "2017.09.14"]
[Round "9"]
[White "Srdanovic, Jovana"]
[Black "Aubert, Estee"]
[Result "1-0"]
[WhiteElo "1994"]
[BlackElo "1800"]
[Annotator "NA RC"]
[PlyCount "84"]
[EventDate "2017.??.??"]
[EventType "swiss"]
[EventCountry "ROU"]
[SourceTitle "playchess.com"]
[Source "ChessBase"]
[SourceQuality "1"]
[TimeControl "40/5400+30:1800+30"]

1. d4 {[%emt 0:00:00]} d5 {[%emt 0:00:05]} 2. Bf4 {[%emt 0:00:00]} c5 {[%emt 0:00:09]} 3. e3 {[%emt 0:00:00]} Nc6 {[%emt 0:00:19]} 4. c3 {[%emt 0:00:24]} Qb6 {[%emt 0:01:22]} 5. Qb3 {[%emt 0:03:18]} c4 {[%emt 0:00:09]} 6. Qc2 {[%emt 0:01:26]} Nf6 {[%emt 0:00:07]} 7. Nd2 {[%emt 0:01:06]} Nh5 {[%emt 0:00:21]} 8. Ne2 {[%emt 0:04:20]} e6 {[%emt 0:10:38]} 9. e4 {[%emt 0:03:15]} Nxf4 {[%emt 0:00:09]} 10. Nxf4 {[%emt 0:00:08]} Bd6 {[%emt 0:10:47]} 11. e5 {[%emt 0:04:56]} Be7 {[%emt 0:00:58]} 12. Nh5 {[%emt 0:03:12]} O-O {[%emt 0:01:22]} 13. f4 {[%emt 0:00:51]} Qc7 {[%emt 0:02:53]} 14. Be2 {[%emt 0:04:08]} b5 {[%emt 0:01:59]} 15. Bf3 {[%emt 0:04:14]} Qd7 {[%emt 0:18:03]} 16. O-O {[%emt 0:01:01]} Bd8 {[%emt 0:01:03]} 17. g4 {[%emt 0:02:17]} Kh8 {[%emt 0:08:59]} 18. Bg2 {[%emt 0:02:24]} Be7 {[%emt 0:14:31]} 19. Rae1 {[%emt 0:02:52]} Qd8 {[%emt 0:00:35]} 20. f5 {[%emt 0:02:51]} Bh4 {[%emt 0:04:32]} 21. f6 {[%emt 0:01:51]} g6 {[%emt 0:02:34]} 22. Ng3 {[%emt 0:00:32]} Bxg3 {[%emt 0:02:28]} 23. hxg3 {[%emt 0:00:26]} Ne7 {[%emt 0:09:32]} 24. fxe7 {[%emt 0:00:10]} Qxe7 {[%emt 0:00:03]} 25. Rf6 {[%emt 0:00:19]} Rg8 {[%emt 0:01:24]} 26. Nf3 {[%emt 0:00:19]} Bd7 {[%emt 0:00:40]} 27. Qd2 {[%emt 0:00:14]} Be8 {[%emt 0:00:51]} 28. Qh6 {[%emt 0:00:35]} Qf8 {[%emt 0:00:10]} 29. Qxf8 {[%emt 0:00:39]} Rxf8 {[%emt 0:00:04]} 30. Ng5 {[%emt 0:00:06]} Kg7 {[%emt 0:00:44]} 31. Ref1 {[%emt 0:00:05]} Rg8 {[%emt 0:02:06]} 32. Nxf7 {[%emt 0:00:07]} Bd7 {[%emt 0:01:00]} 33. Ng5 {[%emt 0:00:09]} Rgf8 {[%emt 0:01:39]} 34. Nxe6+ {[%emt 0:00:20]} Bxe6 {[%emt 0:00:04]} 35. Rxe6 {[%emt 0:00:03]} Rxf1+ {[%emt 0:00:37]} 36. Kxf1 {[%emt 0:00:09]} Rd8 {[%emt 0:00:45]} 37. Re7+ {[%emt 0:00:07]} Kg8 {[%emt 0:00:06]} 38. Rxa7 {[%emt 0:00:05]} Rf8+ {[%emt 0:00:33]} 39. Ke2 {[%emt 0:00:04]} b4 {[%emt 0:00:20]} 40. Bxd5+ {[%emt 0:00:00]} Kh8 {[%emt 0:00:06]} 41. e6 {[%emt 0:00:13]} h5 {[%emt 0:00:17]} 42. e7 {[%emt 0:00:04]} Ra8 1-0

[Event "EYCC 2017"]
[Site "Mamaia"]
[Date "2017.09.14"]
[Round "9"]
[White "Spizharny, Mikhail"]
[Black "Revaliente Montoya, Ciro"]
[Result "1-0"]
[WhiteElo "1972"]
[BlackElo "2073"]
[Annotator "NA RC"]
[PlyCount "45"]
[EventDate "2017.??.??"]
[EventType "swiss"]
[EventCountry "ROU"]
[SourceTitle "playchess.com"]
[Source "ChessBase"]
[SourceQuality "1"]
[TimeControl "40/5400+30:1800+30"]

1. e4 {[%emt 0:00:00]} c5 {[%emt 0:00:07]} 2. Nf3 {[%emt 0:00:00]} d6 {[%emt 0:00:17]} 3. c3 {[%emt 0:00:00]} Nf6 {[%emt 0:01:11]} 4. Be2 {[%emt 0:00:05]} Nc6 {[%emt 0:00:44]} 5. d4 {[%emt 0:00:11]} cxd4 {[%emt 0:01:32]} 6. cxd4 {[%emt 0:00:09]} Nxe4 {[%emt 0:04:18]} 7. d5 {[%emt 0:00:09]} Qa5+ {[%emt 0:00:15]} 8. Nc3 {[%emt 0:00:09]} Nxc3 {[%emt 0:01:28]} 9. bxc3 {[%emt 0:00:11]} Ne5 {[%emt 0:00:42]} 10. Nxe5 {[%emt 0:00:14]} Qxc3+ {[%emt 0:01:34]} 11. Bd2 {[%emt 0:00:10]} Qxe5 {[%emt 0:00:26]} 12. O-O {[%emt 0:01:51]} Bd7 {[%emt 0:01:47]} 13. Rb1 {[%emt 0:01:28]} Rb8 {[%emt 0:08:35]} 14. Re1 {[%emt 0:11:01]} g6 {[%emt 0:05:54]} 15. Be3 {[%emt 0:03:53]} Bg7 {[%emt 0:02:18]} 16. Bxa7 {[%emt 0:01:00]} Ra8 {[%emt 0:02:50]} 17. Rxb7 {[%emt 0:06:33]} Qf5 {[%emt 0:00:26]} 18. Bd3 {[%emt 0:19:36]} Qxd5 {[%emt 0:04:45]} 19. Rxd7 {[%emt 0:03:25]} Be5 {[%emt 0:05:05]} 20. Qa4 {[%emt 0:05:29]} O-O {[%emt 0:00:46]} 21. Be4 {[%emt 0:02:06]} Qd2 {[%emt 0:02:35]} 22. Rd1 {[%emt 0:01:52]} Rxa7 {[%emt 0:00:58]} 23. Rxa7 {[%emt 0:00:28]} 1-0

[Event "EYCC 2017"]
[Site "Mamaia"]
[Date "2017.09.14"]
[Round "9"]
[White "Jarocka, Liwia"]
[Black "Kuzich, Aryna"]
[Result "1-0"]
[WhiteElo "1970"]
[BlackElo "1828"]
[Annotator "NA RC"]
[PlyCount "117"]
[EventDate "2017.??.??"]
[EventType "swiss"]
[EventCountry "ROU"]
[SourceTitle "playchess.com"]
[Source "ChessBase"]
[SourceQuality "1"]
[TimeControl "40/5400+30:1800+30"]

1. e4 {[%emt 0:00:00]} e5 {[%emt 0:00:09]} 2. Bc4 {[%emt 0:00:00]} Nf6 {[%emt 0:00:53]} 3. d3 {[%emt 0:00:00]} d5 {[%emt 0:05:42]} 4. exd5 {[%emt 0:00:26]} Nxd5 {[%emt 0:00:16]} 5. Nf3 {[%emt 0:00:50]} Nc6 {[%emt 0:07:31] LiveBook: 85 Games} 6. c3 {[%emt 0:07:47]} Be6 {[%emt 0:09:08]} 7. Qe2 {[%emt 0:02:04]} Qd6 {[%emt 0:06:32]} 8. b4 {[%emt 0:05:33]} a6 {[%emt 0:06:19]} 9. O-O {[%emt 0:07:14]} Be7 {[%emt 0:03:19]} 10. Re1 {[%emt 0:05:46]} Bf6 {[%emt 0:02:40]} 11. a4 {[%emt 0:03:53]} O-O {[%emt 0:07:17]} 12. Nfd2 $15 {[%emt 0:10:48]} (12. Ba3 $5 {[%cal Rb4b5]} b5 13. axb5 $15) 12... Nf4 {[%emt 0:06:10]} 13. Qf1 {[%emt 0:09:13]} Bxc4 {[%emt 0:11:26]} 14. dxc4 {[%emt 0:00:06]} Qd3 {[%emt 0:01:50]} 15. Ne4 {[%emt 0:03:14]} Qxf1+ {[%emt 0:02:49]} 16. Kxf1 {[%emt 0:00:08]} Nd3 {[%emt 0:00:39]} 17. Rd1 {[%emt 0:00:15]} Nxc1 {[%emt 0:01:30]} 18. Nxf6+ {[%emt 0:00:12]} gxf6 {[%emt 0:00:06]} 19. Rxc1 {[%emt 0:00:02]} Rfd8 {[%emt 0:00:34]} 20. Ke2 {[%emt 0:00:17]} e4 {[%emt 0:00:12]} 21. Nd2 {[%emt 0:01:11]} f5 {[%emt 0:01:29]} 22. f4 {[%emt 0:06:22]} Rd3 {[%emt 0:01:01]} 23. Nb3 {[%emt 0:01:50]} Rad8 {[%emt 0:01:36]} 24. b5 {[%emt 0:01:55]} Ne7 {[%emt 0:03:31]} 25. Rc2 {[%emt 0:03:52]} b6 {[%emt 0:05:19]} 26. Nd4 {[%emt 0:12:38]} a5 {[%emt 0:00:28]} 27. Rac1 {[%emt 0:01:44]} Rd6 {[%emt 0:03:13]} 28. g3 {[%emt 0:07:46]} Rh6 {[%emt 0:01:24]} 29. Ke1 {[%emt 0:00:09]} Kf8 {[%emt 0:04:12]} 30. Rd1 {[%emt 0:00:18]} Rxd1+ 31. Kxd1 Rd6 {[%emt 0:00:58]} 32. Ke2 {[%emt 0:00:11]} h5 {[%emt 0:00:42]} 33. Rd2 {[%emt 0:01:15]} Kg7 {[%emt 0:02:01]} 34. Nb3 {[%emt 0:00:15]} Rxd2+ {[%emt 0:03:29]} 35. Kxd2 {[%emt 0:00:11]} h4 {[%emt 0:01:48]} 36. c5 {[%emt 0:00:57]} hxg3 {[%emt 0:00:35]} 37. hxg3 {[%emt 0:00:02]} Kf6 {[%emt 0:00:54]} 38. cxb6 {[%emt 0:00:57]} cxb6 {[%emt 0:00:03]} 39. Ke3 {[%emt 0:02:25]} Nd5+ {[%emt 0:00:57]} 40. Kd4 {[%emt 0:00:00]} Ke6 {[%emt 0:01:07]} 41. c4 {[%emt 0:01:33]} Nb4 {[%emt 0:17:05]} 42. c5 {[%emt 0:04:13]} Nd5 {[%emt 0:02:05]} 43. cxb6 {[%emt 0:13:16]} Nxb6 {[%emt 0:00:05]} 44. Nxa5 {[%emt 0:00:20]} Nxa4 {[%emt 0:00:04]} 45. Nc4 {[%emt 0:00:11]} f6 {[%emt 0:01:28]} 46. Ne3 {[%emt 0:01:12]} Nb6 {[%emt 0:02:46]} 47. Kc5 {[%emt 0:00:30]} Nd7+ {[%emt 0:01:12]} 48. Kc6 {[%emt 0:00:39]} Nb8+ {[%emt 0:00:20]} 49. Kc7 {[%emt 0:00:24]} Nd7 {[%emt 0:00:06]} 50. b6 {[%emt 0:00:28]} Nc5 {[%emt 0:01:03]} 51. b7 {[%emt 0:00:23]} Na6+ {[%emt 0:00:48]} 52. Kc8 {[%emt 0:00:51]} Kd6 {[%emt 0:00:56]} 53. b8=Q+ {[%emt 0:00:21]} Nxb8 {[%emt 0:00:03]} 54. Kxb8 {[%emt 0:00:04]} Kc5 {[%emt 0:00:19]} 55. Nxf5 {[%emt 0:00:14]} e3 {[%emt 0:02:56]} 56. Nxe3 {[%emt 0:00:30]} Kd4 {[%emt 0:00:06]} 57. Ng4 {[%emt 0:00:43]} f5 {[%emt 0:00:49]} 58. Nh6 {[%emt 0:00:13]} Ke4 {[%emt 0:00:10]} 59. Nxf5 {[%emt 0:00:11]} 1-0

[Event "EYCC 2017"]
[Site "Mamaia"]
[Date "2017.09.14"]
[Round "9"]
[White "Maurizzi, Marc Andria"]
[Black "Strybuk, Artsiom I"]
[Result "1/2-1/2"]
[WhiteElo "1947"]
[BlackElo "1790"]
[Annotator "NA RC"]
[PlyCount "82"]
[EventDate "2017.??.??"]
[EventType "swiss"]
[EventCountry "ROU"]
[SourceTitle "playchess.com"]
[Source "ChessBase"]
[SourceQuality "1"]
[TimeControl "40/5400+30:1800+30"]

1. e4 c5 2. Nc3 d6 3. f4 Nc6 4. Nf3 g6 5. Bb5 Bg7 6. Bxc6+ bxc6 7. O-O Nh6 8. d3 O-O 9. Qe1 Qb6 10. Kh1 f5 11. e5 Nf7 12. Qe2 Ba6 13. b3 Qc7 14. Re1 g5 15. Bd2 Rae8 16. exd6 exd6 17. Qxe8 Rxe8 18. Rxe8+ Bf8 19. fxg5 Bc8 20. Rf1 Bd7 21. Re2 d5 22. Nh4 Nd6 23. Na4 c4 24. Nc5 cxd3 25. cxd3 Bc8 26. Ne6 Bxe6 27. Rxe6 Qc8 28. Rfe1 Ne4 29. dxe4 Qxe6 30. exf5 Qd7 31. f6 d4 32. Nf3 c5 33. g6 hxg6 34. Ng5 Qf5 35. f7+ Kg7 36. Kg1 c4 37. bxc4 Bc5 38. Ne6+ Kxf7 39. Rf1 Kxe6 40. Rxf5 Kxf5 41. Kf2 Ke5 1/2-1/2

[Event "EYCC 2017"]
[Site "Mamaia"]
[Date "2017.09.14"]
[Round "9"]
[White "Can, Isil"]
[Black "Yakimova, Mariya"]
[Result "1/2-1/2"]
[WhiteElo "1945"]
[BlackElo "1736"]
[Annotator "NA RC"]
[PlyCount "147"]
[EventDate "2017.??.??"]
[EventType "swiss"]
[EventCountry "ROU"]
[SourceTitle "playchess.com"]
[Source "ChessBase"]
[SourceQuality "1"]
[TimeControl "40/5400+30:1800+30"]

1. e4 {[%emt 0:00:00]} c5 2. Nf3 d6 3. d4 cxd4 4. Nxd4 Nf6 5. Nc3 a6 6. Be3 e5 7. Nb3 Be6 8. Be2 Be7 9. O-O O-O 10. f4 b5 {B92: Sicilian Najdorf: 6 Be2} 11. f5 Bc8 (11... Bd7 12. Kh1 Bc6 13. Bf3 Nbd7 14. a3 Rc8 15. Qe2 Ba8 16. Bg5 h6 17. Bh4 Nb6 18. Nd2 {0-1 (48) Smirin,I (2659)-Anand,V (2779) Rishon Le Ziyyon 2006}) 12. Nd5 $146 ({Predecessor:} 12. a4 Bb7 13. axb5 axb5 14. Qd3 b4 15. Nd5 Bxd5 16. exd5 Nbd7 17. Bf3 Qc7 18. h3 Rxa1 19. Rxa1 {½-½ (71) Piazza,L (2358)-Gil,M (1988) ICCF email 2008}) 12... Nbd7 13. Nxe7+ Qxe7 14. Bf3 Bb7 15. Qd3 d5 16. Bg5 dxe4 17. Bxe4 Nc5 18. Bxf6 gxf6 19. Nxc5 Qxc5+ 20. Kh1 Bxe4 21. Qxe4 Qc4 22. Qe3 Qc6 23. Qh6 Kh8 24. Rae1 Rg8 25. Rf3 Rg7 26. Re2 Rag8 27. Rd2 Qxf3 28. Qxg7+ Kxg7 29. gxf3 Rc8 30. c3 Rc6 31. Kg2 Kh6 32. h4 Kg7 33. Kg3 Rc4 34. Rd6 Ra4 35. a3 h6 36. Rc6 Ra5 37. Rd6 Ra4 38. Rc6 e4 39. fxe4 Rxe4 40. Rxa6 Re2 41. b4 Re3+ 42. Kg4 Rxc3 43. Ra5 Rc4+ 44. Kh5 Rc3 45. Rxb5 Rxa3 46. Rb8 Rc3 47. b5 Rc4 48. b6 $11 Rf4 49. Rc8 Rxf5+ 50. Kg4 Rb5 51. Rc6 h5+ 52. Kf4 Rb4+ 53. Kf5 Rxh4 54. Rxf6 Rb4 55. Rc6 h4 56. Kg5 h3 57. Rc3 Rxb6 58. Rxh3 Rb5+ 59. Kf4 Kg6 60. Rg3+ Kf6 61. Ra3 Rb4+ 62. Kf3 Kg5 63. Ra7 Rb3+ 64. Kf2 f5 65. Ra5 Kg4 66. Ra8 Rb2+ 67. Kf1 f4 68. Ra3 Rc2 69. Rb3 Ra2 70. Rc3 Rh2 71. Kg1 Ra2 72. Kf1 Ra4 73. Kg2 Ra8 74. Kf2 1/2-1/2

[Event "EYCC 2017"]
[Site "Mamaia"]
[Date "2017.09.14"]
[Round "9"]
[White "Sosa Suarez, Carla Cristina"]
[Black "Afonasieva, Anna"]
[Result "0-1"]
[WhiteElo "1930"]
[BlackElo "2263"]
[Annotator "TA"]
[PlyCount "106"]
[EventDate "2017.??.??"]
[EventType "swiss"]
[EventCountry "ROU"]
[SourceTitle "playchess.com"]
[Source "ChessBase"]
[SourceQuality "1"]

1. e4 {Program Activation Required} c5 2. Nf3 d6 3. d4 cxd4 4. Nxd4 Nf6 5. Nc3 a6 6. Bg5 Nbd7 7. Bc4 h6 8. Bh4 g6 {B94: Sizilianisch (Najdorf-Variante mit 6.Lg5)} 9. Qe2 Qc7 10. O-O-O Bg7 11. Bg3 $146 ({Vorgänger:} 11. Nd5 Nxd5 12. exd5 Ne5 13. Bb3 O-O 14. h3 a5 15. a4 g5 16. Bg3 {0-1 (67) Ozolin,M (2386)-Nepomniachtchi,I (2703) Moscow 2013}) 11... O-O 12. f4 b5 13. Bd5 b4 14. Ncb5 axb5 15. Bxa8 Qa7 16. e5 Qxa8 17. exf6 Bxf6 18. Kb1 Nc5 19. f5 b3 20. axb3 Bxd4 21. Rxd4 Bxf5 22. Rb4 Qa7 23. Rf1 Ra8 24. Kc1 Nd3+ 25. cxd3 Qc5+ 26. Rc4 bxc4 27. bxc4 Qd4 28. Rxf5 gxf5 29. Bf2 Qf4+ 30. Kb1 Rb8 31. g3 Qg5 32. Bd4 Qg4 33. Qxg4+ fxg4 34. Kc2 h5 35. Kc3 f5 36. b4 Kf7 37. b5 e5 38. Be3 Ke6 39. Kb4 Kd7 40. d4 exd4 41. Bxd4 Re8 42. c5 dxc5+ 43. Kxc5 Kc7 44. Kd5 Re2 45. Be5+ Kb6 46. Ke6 Kxb5 47. Kxf5 Rxh2 48. Bf4 Kc4 49. Bg5 Kd3 50. Kf4 Ke2 51. Kf5 Kf3 52. Bf4 Rh3 53. Kg5 Rxg3 0-1

[Event "EYCC 2017"]
[Site "Mamaia"]
[Date "2017.09.14"]
[Round "9"]
[White "Lehaci, Miruna-Daria"]
[Black "Guillo Longares, Cecilia"]
[Result "1/2-1/2"]
[WhiteElo "1914"]
[BlackElo "1810"]
[Annotator "NA RC"]
[PlyCount "114"]
[EventDate "2017.??.??"]
[EventType "swiss"]
[EventCountry "ROU"]
[SourceTitle "playchess.com"]
[Source "ChessBase"]
[SourceQuality "1"]
[TimeControl "40/5400+30:1800+30"]

1. e4 {[%emt 0:00:00]} c5 {[%emt 0:00:04]} 2. Nc3 {[%emt 0:00:00]} g6 {[%emt 0:00:04]} 3. d4 {[%emt 0:00:00]} cxd4 {[%emt 0:00:03]} 4. Qxd4 {[%emt 0:00:00]} Nf6 {[%emt 0:00:03]} 5. Nf3 {[%emt 0:00:00]} Nc6 {[%emt 0:00:07]} 6. Qa4 {[%emt 0:00:04]} d6 {[%emt 0:00:07]} 7. e5 {[%emt 0:00:39]} dxe5 {[%emt 0:00:03]} 8. Nxe5 {[%emt 0:00:38]} Bg7 {[%emt 0:01:49]} 9. Bb5 {[%emt 0:05:40]} O-O {[%emt 0:08:52]} 10. Nxc6 {[%emt 0:00:26]} bxc6 {[%emt 0:01:15]} 11. Bxc6 {[%emt 0:00:09]} Bd7 {[%emt 0:00:34]} 12. O-O {[%emt 0:04:08]} Bxc6 {[%emt 0:01:30]} 13. Qxc6 {[%emt 0:00:06]} Rc8 {[%emt 0:04:01]} 14. Qf3 {[%emt 0:04:39]} Qb6 {[%emt 0:04:39]} 15. a4 {[%emt 0:09:12]} Nd7 {[%emt 0:11:35]} 16. a5 {[%emt 0:09:59]} Qd6 {[%emt 0:12:39]} 17. Bf4 {[%emt 0:13:28]} e5 {[%emt 0:04:46]} 18. Rfd1 {[%emt 0:01:37]} Qb8 {[%emt 0:03:57]} 19. Rxd7 {[%emt 0:16:12]} Qxb2 {[%emt 0:05:38]} 20. Rb1 {[%emt 0:00:08]} Qxc2 {[%emt 0:04:15]} 21. Rc1 {[%emt 0:11:09]} Qf5 {[%emt 0:01:02]} 22. Rcd1 {[%emt 0:00:54]} Qxf4 {[%emt 0:03:04]} 23. Qxf4 {[%emt 0:00:11]} exf4 {[%emt 0:00:08]} 24. Nd5 {[%emt 0:00:38]} Rc2 {[%emt 0:02:17]} 25. Ne7+ {[%emt 0:02:24]} Kh8 {[%emt 0:00:07]} 26. h3 {[%emt 0:01:15]} a6 {[%emt 0:06:17]} 27. Ra7 {[%emt 0:02:14]} Re2 {[%emt 0:06:38]} 28. Nc6 {[%emt 0:02:32]} Bc3 {[%emt 0:00:45]} 29. Rxa6 {[%emt 0:02:06]} Be1 {[%emt 0:02:36]} 30. Rd8 {[%emt 0:07:13]} Rxd8 {[%emt 0:01:03]} 31. Nxd8 {[%emt 0:00:05]} Bxf2+ {[%emt 0:03:56]} 32. Kf1 {[%emt 0:00:05]} Ra2 {[%emt 0:00:06]} 33. Nxf7+ {[%emt 0:01:27]} Kg7 {[%emt 0:01:52]} 34. Ng5 {[%emt 0:00:16]} Be3 {[%emt 0:00:51]} 35. Ne4 {[%emt 0:00:40]} Ra4 {[%emt 0:02:14]} 36. Nc3 {[%emt 0:00:40]} Ra1+ {[%emt 0:08:33]} 37. Ke2 {[%emt 0:00:43]} Rg1 {[%emt 0:00:05]} 38. Kf3 {[%emt 0:01:19]} Rf1+ {[%emt 0:00:08]} 39. Ke4 {[%emt 0:00:09]} Bd2 {[%emt 0:01:16]} 40. Ra7+ {[%emt 0:00:00]} Kh6 {[%emt 0:00:50]} 41. Nd5 {[%emt 0:03:53]} Kg5 {[%emt 0:02:15]} 42. a6 {[%emt 0:04:09]} Ra1 {[%emt 0:07:30]} 43. Kd3 {[%emt 0:09:39]} Be3 {[%emt 0:00:22]} 44. Nxe3 {[%emt 0:08:27]} Ra3+ {[%emt 0:00:09]} 45. Ke2 {[%emt 0:00:05]} fxe3 {[%emt 0:00:58]} 46. g3 {[%emt 0:00:45]} Kh6 {[%emt 0:02:13]} 47. h4 {[%emt 0:01:53]} g5 {[%emt 0:00:22]} 48. hxg5+ {[%emt 0:00:24]} Kxg5 {[%emt 0:00:01]} 49. Ra8 {[%emt 0:00:11]} Kg6 {[%emt 0:00:24]} 50. g4 {[%emt 0:01:36]} h6 {[%emt 0:00:28]} 51. Kf3 {[%emt 0:04:15]} Kg7 {[%emt 0:00:27]} 52. a7 {[%emt 0:00:08]} Kh7 {[%emt 0:00:06]} 53. Re8 {[%emt 0:01:26]} Rxa7 {[%emt 0:00:09]} 54. Rxe3 {[%emt 0:00:26]} Rf7+ {[%emt 0:00:39]} 55. Kg3 {[%emt 0:00:05]} Kg6 {[%emt 0:00:22]} 56. Ra3 {[%emt 0:00:22]} Rf6 {[%emt 0:01:58]} 57. Ra5 {[%emt 0:00:24]} Rb6 {[%emt 0:01:05]} 1/2-1/2

[Event "EYCC 2017"]
[Site "Mamaia"]
[Date "2017.09.14"]
[Round "9"]
[White "Georgiev, Konstantin"]
[Black "Saridag, Omer Melih"]
[Result "0-1"]
[WhiteElo "1911"]
[BlackElo "1803"]
[Annotator "NA RC"]
[PlyCount "100"]
[EventDate "2017.??.??"]
[EventType "swiss"]
[EventCountry "ROU"]
[SourceTitle "playchess.com"]
[Source "ChessBase"]
[SourceQuality "1"]
[TimeControl "40/5400+30:1800+30"]

1. e4 {[%emt 0:00:00]} c5 {[%emt 0:00:05]} 2. Nf3 {[%emt 0:00:00]} g6 {[%emt 0:04:10]} 3. d4 {[%emt 0:00:25]} cxd4 {[%emt 0:00:05]} 4. Nxd4 {[%emt 0:00:06]} Bg7 {[%emt 0:00:06]} 5. Be3 {[%emt 0:00:58]} Nc6 {[%emt 0:00:38]} 6. Nc3 {[%emt 0:00:21]} Nf6 {[%emt 0:01:49]} 7. Be2 {[%emt 0:12:40]} O-O {[%emt 0:15:33]} 8. O-O {[%emt 0:00:44]} d6 $11 {[%emt 0:02:05]} 9. h3 {[%emt 0:05:18]} Bd7 {[%emt 0:00:28]} 10. Qd2 {[%emt 0:01:57]} Nxd4 {[%emt 0:00:30]} 11. Bxd4 {[%emt 0:00:09]} Bc6 {[%emt 0:00:14]} 12. Bf3 {[%emt 0:00:35]} Nd7 {[%emt 0:05:05]} 13. Rad1 {[%emt 0:01:27]} a5 {[%emt 0:02:56]} 14. Be2 {[%emt 0:02:44]} Rb8 {[%emt 0:07:54]} 15. f4 {[%emt 0:12:39]} b5 {[%emt 0:03:24]} 16. Bf3 {[%emt 0:01:51]} Bxd4+ {[%emt 0:04:12]} 17. Qxd4 {[%emt 0:00:06]} Qb6 {[%emt 0:01:56]} 18. Qxb6 {[%emt 0:00:09]} Nxb6 {[%emt 0:00:21]} 19. b3 {[%emt 0:10:18]} b4 {[%emt 0:00:24]} 20. Ne2 {[%emt 0:00:10]} Bb5 {[%emt 0:00:18]} 21. Rfe1 {[%emt 0:00:15]} Bxe2 {[%emt 0:00:21]} 22. Rxe2 {[%emt 0:00:05]} Rbd8 {[%emt 0:15:36]} 23. c4 {[%emt 0:03:40]} bxc3 {[%emt 0:00:42]} 24. Rc2 {[%emt 0:00:34]} Rc8 {[%emt 0:04:01]} 25. Rdc1 {[%emt 0:00:29]} a4 {[%emt 0:01:28]} 26. Rxc3 {[%emt 0:00:40]} axb3 {[%emt 0:00:21]} 27. axb3 {[%emt 0:00:22]} Rxc3 {[%emt 0:00:33]} 28. Rxc3 {[%emt 0:00:08]} Rc8 {[%emt 0:00:14]} 29. Rxc8+ {[%emt 0:00:24]} Nxc8 {[%emt 0:04:42]} 30. Kf2 {[%emt 0:00:11]} Kf8 {[%emt 0:00:11]} 31. Ke3 {[%emt 0:00:09]} Ke8 {[%emt 0:00:07]} 32. Kd4 {[%emt 0:00:46]} Kd8 {[%emt 0:00:34]} 33. Kc4 {[%emt 0:00:35]} Kc7 {[%emt 0:00:08]} 34. g4 {[%emt 0:02:24]} Kb6 {[%emt 0:00:31]} 35. g5 {[%emt 0:00:50]} Na7 {[%emt 0:01:14]} 36. h4 Nb5 {[%emt 0:03:51]} 37. f5 {[%emt 0:01:32]} Na7 {[%emt 0:06:09]} 38. Kd5 {[%emt 0:01:54]} Kc7 {[%emt 0:04:58]} 39. b4 {[%emt 0:05:09]} Nc6 {[%emt 0:04:22]} 40. b5 {[%emt 0:00:00]} e6+ {[%emt 0:03:43]} 41. fxe6 {[%emt 0:04:07]} fxe6+ {[%emt 0:00:09]} 42. Kxe6 {[%emt 0:00:07]} Nd4+ {[%emt 0:00:09]} 43. Ke7 {[%emt 0:00:02]} Nxf3 {[%emt 0:00:09]} 44. b6+ {[%emt 0:00:03]} Kxb6 {[%emt 0:00:31]} 45. Kxd6 {[%emt 0:00:05]} Nxh4 {[%emt 0:00:25]} 46. e5 {[%emt 0:00:02]} Nf5+ {[%emt 0:00:20]} 47. Kd7 {[%emt 0:00:07]} Kc5 {[%emt 0:00:27]} 48. Ke6 {[%emt 0:00:10]} Kd4 {[%emt 0:00:19]} 49. Kf6 {[%emt 0:00:03]} Ke4 {[%emt 0:00:29]} 50. e6 {[%emt 0:00:10]} Kf4 {[%emt 0:00:07]} 0-1